1524 1735 1112 1060 1282 1211 1955 1350 1541 1985 1691 1604 1581 1809 1937 1089 1409 1155 1480 1242 1687 1561 1073 1756 1176 1337 1159 1716 1248 1346 1920 1645 1259 1851 1015 1501 1546 1343 1974 1233 1841 1016 1510 1741 1258 1943 1523 1508 1387 1521 1451 1105 1084 1615 1549 1208 1418 1389 1959 1686 1217 1395 1216 1522 1261 1007 1065 1708 1562 1208 1171 1501 1642 1517 1020 1817 1833 1978 1114 1653 1543 1086 1774 1759 1118 1447 1384 1880 1839 1627 1601 1097 1656 1482 1576 1144 1795 1728 1026 BCNSPRNW ULIB Ver.6.0+V

เปลี่ยนเป็นภาษาไทย

Change to English
 แสดงรายละเอียดบรรณานุกรม
  กลับหน้าหลัก

Brief Record : Get Marc (ISO 2709) : E-mail record : QR code < ปิดหน้าต่าง
LEADER : 00000nam 2200000uu 4500
001    13399121968
003     ULIB
008    121217s2550||||th 000 0 tha d
020    ^a9789741148646
060 04 ^aWF658^bก251ต 2550
245 00 ^aตำรามะเร็งปอด =^bTextbook of lung cancer /^cกรีฑาธรรมคำภีร์, บรรณาธิการ
246 31 ^aTextbook lung cancer
250    ^aพิมพ์ครั้งที่ 1
260    ^aสงขลา :^bชานเมืองการพิมพ์,^c2550
300    ^a248 หน้า :^bภาพประกอบ ;^c27 ซม.
650  2 ^aLung Neoplasms
650  2 ^aLung Neoplasms^xsurgery
650  2 ^aLung Neoplasms^xdrug therapy
650  2 ^aLung Neoplasms^xdiagnosis
650  7 ^aปอด, เนื้องอก
650  7 ^aปอด, เนื้องอก^xการวินิจฉัย
650  7 ^aปอด, เนื้องอก^xศัลยกรรม
650  7 ^aปอด, เนื้องอก^xการรักษาด้วยยา
700 0  ^aกรีฑา ธรรมคำภีร์,^eบรรณาธิการ
945    ^p450^l0^i14767
995    ^aกัณชพร
999 ^a ใช้งานได้ทุกระบบ
รายการนี้ยังไม่มีแท็ก
คุณยังไม่ได้ล็อกอิน คุณสามารถมีกิจกรรมร่วมกับเว็บไซต์ได้ แต่ต้องล็อกอินก่อน ::
  ล็อกอิน

รายการสื่อสารสนเทศ

ลำดับที่ ประเภท เลขเรียก/บาร์โค้ด สถานที่ สถานะ
1. วิทยาศาสตร์การแพทย์ และสุขภาพ
วิทยาศาสตร์การแพทย์ และสุขภาพ
WF658 ก251ต 2550  
  Barcode: 14767
ห้องสมุดวิทยาเขตสวรรค์ประชารักษ์
►ส่วนจัดเก็บหนังสือเก่า สปร
บนชั้น
  ขอยืม

รายการใกล้เคียง
    หัวเรื่อง [ปอด, เนื้องอก]

BibComment


ยังไม่เคยถูกคอมเมนท์

คอมเมนท์ทรัพยากรรายการนี้
  คอมเมนท์: ตำรามะเร็งปอด T..


 Copyright 2026. Bcnsprnw @Library